|
|
|
|
| LEADER |
01255nam a2200277 a 4500 |
| 001 |
17012871 |
| 008 |
130318s2012 nyua b 001 0 eng d |
| 010 |
|
|
|a 2011043623
|
| 020 |
|
|
|a 9780077140892
|
| 020 |
|
|
|a 9780078029257 (alk. paper)
|
| 020 |
|
|
|a 0077140893 (alk. paper)
|
| 040 |
|
|
|a DLC
|b eng
|c DLC
|d YDX
|d BTCTA
|d YDXCP
|d HNK
|d CDX
|d BWX
|d DLC
|d BD-DhAAL
|
| 082 |
0 |
0 |
|a 658.3
|2 23
|
| 245 |
0 |
0 |
|a Human resource management :
|b gaining a competitive advantage /
|c Raymond A. Noe ... [et al.].
|
| 250 |
|
|
|a 8th ed.
|
| 260 |
|
|
|a New York :
|b McGraw-Hill/Irwin,
|c c2012.
|
| 300 |
|
|
|a xlii, 758 p. :
|b col. ill. ;
|c 26 cm.
|
| 504 |
|
|
|a Includes bibliographical references and index.
|
| 541 |
|
|
|a 00026715
|
| 650 |
|
0 |
|a Personnel management
|z United States.
|
| 700 |
1 |
|
|a Noe, Raymond A.
|
| 852 |
1 |
|
|a Ayesha Abed Library
|j General Shelf.
|
| 942 |
0 |
0 |
|0 1
|
| 999 |
|
|
|c 13247
|d 13247
|
| 952 |
|
|
|0 0
|1 0
|2 ddc
|4 0
|6 658_300000000000000_HUM
|7 0
|9 22049
|a BRACUL
|b BRACUL
|c GEN
|d 2013-03-19
|e STS International
|g 3395.00
|l 8
|m 46
|o 658.3 HUM
|p 3010026715
|r 2022-01-18
|s 2020-01-29
|t 1
|w 2013-03-19
|y BK
|
| 952 |
|
|
|0 0
|1 0
|2 ddc
|4 0
|6 658_300000000000000_HUM
|7 0
|9 22050
|a BRACUL
|b BRACUL
|c GEN
|d 2013-03-19
|e STS International
|g 3395.00
|l 9
|m 76
|o 658.3 HUM
|p 3010026716
|r 2022-09-12
|s 2020-11-15
|t 2
|w 2013-03-19
|y BK
|